Využitie informácií z výkazu ziskov a strát v riadení podniku diplomová práca

Enregistré dans:
Détails bibliographiques
Auteur principal: Eglová, Veronika
Collectivité auteur: Fakulta hospodárskej informatiky EU. Katedra účtovníctva a audítorstva
Autres auteurs: Šlosárová, Anna
Format: Livre
Langue:slovaque
Publié: Bratislava 2010
Tags: Ajouter un tag
Pas de tags, Soyez le premier à ajouter un tag!

MARC

LEADER 00000nam$a2200000$$$4500
001 0118789
005 20240318123836.3
041 0 |a slo 
044 |a SK 
245 1 0 |a Využitie informácií z výkazu ziskov a strát v riadení podniku  |b diplomová práca  |c Veronika Eglová ; škol. Anna Šlosárová 
264 1 |a Bratislava  |c 2010 
300 |a 74 s. 
100 1 |a Eglová, Veronika 
700 1 |a Šlosárová, Anna 
710 2 |a Fakulta hospodárskej informatiky EU. Katedra účtovníctva a audítorstva